Manual completo de direito civil

Detalles Bibliográficos
Autor principal: Garcia, Wander
Otros Autores: Rodrigues, Gabriela
Formato: eBook
Lenguaje:portugués
Publicado: Indaiatuba: Editora Foco, 2021
Materias:
Acceso en línea:Acceso restringido

MARC

LEADER 00000nam a22000007a 4500
005 20211214230541.0
007 cr|||| ||||
008 211214s2021 br |||||s|||| 00||0 por d
020 |a 978-65-5515-083-4 
035 |a 35486 
040 |a vLex 
090 |c 12721  |d 12721 
100 1 |a Garcia, Wander 
245 1 0 |a Manual completo de direito civil  |h [Recurso electrn̤ico] /  |c Wander Garcia, Gabriela Rodrigues 
256 |a Servicio en ln̕ea 
260 |a Indaiatuba:  |b Editora Foco,  |c 2021 
300 |a 1 recurso electrn̤ico 
500 |a Por que voc ̊est ̀diante de um Manual de Direito Civil perfeito para concursos, provas e exames? Porque este livro ̌escrito numa LINGUAGEM DIRETA e ALTAMENTE SISTEMATIZADA, sem exageros lingus̕ticos e com foco constante na melhor e mais atualizada informaȯ̂, de modo que se tem um texto que, de um lado, vai direto ao ponto e ̌sistematizado e, de outro, traz o maior nm︢ero possv̕el de informaė̳s t︢eis para voc.̊ Alm̌ disso, no decorrer do texto usamos GRIFOS, ITℓLICOS e NEGRITOS, proporcionando a voc ̊verificaȯ̂ fc̀il do inc̕io de cada ponto, e das palavras, expresse̳s e informaė̳s-chave, facilitando ao mx̀imo a leitura, a compreensô e a fixaȯ̂ das matřias. Nô bastasse, voc ̊ter,̀ no final de cada capt̕ulo do livro, um QUADRO SINÓTICO com o resumo deste, proporcionando uma revisô rp̀ida da matřia, com o intuito de solidificar o conhecimento de cada capt̕ulo que terminar de ser lido, e tambm̌ para possibilitar uma passagem de olhos na matřia estudada pouco antes de se submeter a uma prova. Mas nô paramos a.̕ No final de cada capt̕ulo voc ̊encontrar ̀um nm︢ero expressivo de QUESTÕES COMENTADAS, essenciais ao desenvolvimento do raciocn̕io jurd̕ico e ̉fixaȯ̂ da matřia. Cada questô ̌comentada item por item quando necessr̀io, e foram escolhidas dentre os principais concursos da r̀ea Jurd̕ica, alm̌ de concursos de Tribunais e da r̀ea Fiscal, e tambm̌ do Exame de Ordem. Em resumo, os profissionais, estudantes universitr̀ios, examinandos de concursos pb︢licos e exame de ordem e demais interessados tm̊ em môs um verdadeiro MANUAL COMPLETO de DIREITO CIVIL, que certamente ser ̀decisivo nas pesquisas e estudos com vista ao enfrentamento dos desafios profissionais, bem como das provas, concursos e exames. Boa leitura e sucesso! 
506 1 |a Disponible solo en los productos indicados  |d vLex Global  |d vLex Global (Academic Edition, excluding Law Schools)  |d vLex Global (U.S. Academic Edition, Law Schools)  |d vLex Global (U.S. Academic Edition, excluding Law Schools)  |d vLex Global (Academic Edition, Law Schools) 
650 0 4 |a Derecho Civil  |z Brasil 
700 1 |a Rodrigues, Gabriela 
740 0 |a vLex Libros (Servicio en ln̕ea) 
856 4 0 |u https://app.vlex.com/#/sources/35486  |z Acceso restringido 
942 |c BOOK 
999 0 |a Civil Law